A documentary history of Brazil / (Record no. 105034)

MARC details
000 -LEADER
campo de control de longitud fija 00763nam a2200241 i 4500
001 - NÚMERO DE CONTROL
campo de control 105034
003 - IDENTIFICADOR DE NÚMERO DE CONTROL
campo de control ES-MaACL
005 - FECHA Y HORA DE LA ÚLTIMA TRANSACCIÓN
campo de control 20230906183748.0
007 - CAMPO FIJO DE DESCRIPCIÓN FÍSICA--INFORMACIÓN GENERAL
campo de control de longitud fija t|
008 - DATOS DE LONGITUD FIJA--INFORMACIÓN GENERAL
campo de control de longitud fija 060606s1966 xxu ||||1| eng d
080 ## - NÚMERO DE LA CLASIFICACIÓN DECIMAL UNIVERSAL
Número de la Clasificación Decimal Universal 981(093)
245 02 - MENCIÓN DEL TÍTULO
Título A documentary history of Brazil /
Mención de responsabilidad, etc. edited with an introduction by E. Bradford Burns.
250 ## - MENCION DE EDICION
Mención de edición 1st. ed.
260 ## - PUBLICACIÓN, DISTRIBUCIÓN, ETC.
Lugar de publicación, distribución, etc. New York :
Nombre del editor, distribuidor, etc. Alfred A. Knopf,
Fecha de publicación, distribución, etc. 1966.
300 ## - DESCRIPCIÓN FÍSICA
Extensión XII, 398 p. ;
Dimensiones 19 cm.
490 1# - MENCIÓN DE SERIE
Mención de serie Borzoi books on Latin America
500 ## - NOTA GENERAL
Nota general Biblioteca Jacinto Martínez Lacalle.
651 #4 - PUNTO DE ACCESO ADICIONAL DE MATERIA--NOMBRE GEOGRÁFICO
Nombre geográfico Brasil-
Subdivisión general Historia-
Subdivisión de forma Fuentes.
9 (RLIN) 7893
700 1# - ENTRADA AGREGADA--NOMBRE PERSONAL
Nombre de persona Burns, E. Bradford.
9 (RLIN) 32750
830 0# - PUNTO DE ACCESO ADICIONAL DE SERIE-TÍTULO UNIFORME
Título uniforme Borzoi books on Latin America
9 (RLIN) 232681
852 ## - LOCALIZACIÓN
Ubicación ES-MaACL
Número de control de estantería E-11268
Sublocalización o colección R.139249
Holdings
Estatus retirado Estado de pérdida Estado de daño No para préstamo Biblioteca de origen Biblioteca actual Ubicación en estantería Fecha de adquisición Fuente de adquisición Total de préstamos Signatura topográfica completa Código de barras Visto por última vez Precio de reemplazo Tipo de ítem Koha
        Biblioteca del Ateneo de Madrid Biblioteca del Ateneo de Madrid Depósito 2 17/01/2008     E-11268 1109657 23/02/2023 23/02/2023 Libro impreso